000 00670nam a2200205Ii 4500
003 JO-AjNU
008 230605s9999||||xx |||||||||||||| ||und||
017 _a1983/5181
040 _aJO-AjNU
_bara
_erda
_cJO-AjNU
041 _aara
050 1 4 _aBP188.3.Y6.A7278 1984
100 3 _aالعراقي، سهام محمود,
_eauthor
_918054
245 0 0 _aالإتجاه الديني المعاصر لدى الشباب
264 3 1 _aد.م: مكتبة المعارف الحديثة، 1984
300 _a277ص
336 _atext
_btxt
_2rdacontent
337 _aunmediated
_bn
_2rdamedia
338 _avolume
_bnc
_2rdacarrier
650 4 _aالاسلام- الشباب
_918055
999 _aA5702
_c9270
_d9270